| 000 | 02314cam a2200349 a 4500 | ||
|---|---|---|---|
| 003 | EG-GiCUC | ||
| 005 | 20250223031547.0 | ||
| 008 | 160919s2016 ua dh f m 000 0 eng d | ||
| 040 |
_aEG-GiCUC _beng _cEG-GiCUC |
||
| 041 | 0 | _aeng | |
| 049 | _aDeposite | ||
| 097 | _aM.Sc | ||
| 099 | _aCai01.11.28.M.Sc.2016.Do.M | ||
| 100 | 0 | _aDoaa Galal Kamal Abdelfatah | |
| 245 | 1 | 0 |
_aMultidrug-resistant; hospital associated infection in pediatric intensive care units / _cDoaa Galal Kamal Abdelfatah ; Supervised Iman Khaled Eyada , Bassant Salah Saad , Dalia Kadry Ismail |
| 246 | 1 | 5 | _aدراسة عدوى المستشفيات المتسببه بالميكروبات متعددة المقاومة للمضادات الحيوية بوحدات العناية المركزة للأطفال |
| 260 |
_aCairo : _bDoaa Galal Kamal Abdelfatah , _c2016 |
||
| 300 |
_a135 P. : _bcharts , facsimiles ; _c25cm |
||
| 502 | _aThesis (M.Sc.) - Cairo University - Faculty of Medicine - Department of Pediatrics | ||
| 520 | _aObjective: To determine the incidence and associated factors of multidrug- resistant hospital associated infections (MDR-HAI) in the pediatric intensive care unit (PICU) of the Cairo University Children Hospital, Egypt. Method: A prospective study was performed in the PICU of the Cairo University Pediatric Hospital, Egypt during the period March 2014- August 2014. Children aged {u2264} 15 years who developed PICU-related HAI were studied. Results: Fifty- seven patients (mean age 21 months) developed 106 episodes of PICU- related HAI. The HAI rate was 28%, equivalent to 58.85% per 1000 patient days. Ninety- eight (92.4%) episodes were MDR-HAI. The insertion of endotracheal tube (ETT) was a significant risk factor for MDR-HAI. Conclusion: The incidence of MDR-HAI was high in the PICU. ETT insertion was a risk factor for MDR-HAI | ||
| 530 | _aIssued also as CD | ||
| 653 | 4 | _aHospital associated infection | |
| 653 | 4 | _aMultidrug-resistant | |
| 653 | 4 | _aPediatric intensive care unit | |
| 700 | 0 |
_aBassant Salah Saad , _eSupervisor |
|
| 700 | 0 |
_aDalia Kadry Ismail , _eSupervisor |
|
| 700 | 0 |
_aIman Khaled Eyada , _eSupervisor |
|
| 856 | _uhttp://172.23.153.220/th.pdf | ||
| 905 |
_aNazla _eRevisor |
||
| 905 |
_aSoheir _eCataloger |
||
| 942 |
_2ddc _cTH |
||
| 999 |
_c57761 _d57761 |
||